Statistics for African Geography By Letter I - Picture Quiz

Click here to take the quiz!

General Stats

  • This quiz has been taken 297 times
  • The average score is 6 of 18

Answer Stats

Answer% Correct
Ivory
93%
Islam
80%
Indian Ocean
79%
Impala
61%
Ibis
54%
Ibex
51%
Igbo
47%
Ibadan
45%
{Imperial} Eagle
11%
Ismailia
11%
Indri
10%
Imo
6%
Ihorombe
4%
{Iriqui} National Park
4%
Isiagu
4%
{Imbondeiro} Tree
3%
{Isalo} National Park
3%
Ivindo
3%

Score Distribution

Percentile by Number Answered

Percent of People with Each Score

Your Score History

You have not taken this quiz